00669 2200241 4500001002100000005001500021035002000036007000300056008004100059020001800100082001800118084002400136100001700160245005900177250000600236260004600242300002800288650001700316650001700333700001900350856003400369990002400403INLIS00000000000823120260416013001 a0010-0426000080ta260416 0 ind  a979-3871-13-X a633.88:338.43 a633.88:338.43 SYA p0 aSYAKIR, Moch1 aProspek Dan Arah Pengembangan Agribisnis Tanaman Obat a2 aJakarta :bBadan Litbang Pertanian,c2007 a39p. :bIlus ;c21.1 cm 4aPengembangan 4aTanaman Obat0 aSyafril Kemala aPerpustakaan BBRMP Jawa Timur a371/2026/BBRMPJATIM